संचार मध्यम : (Record no. 52263)

MARC details
000 -LEADER
fixed length control field 00554nam a2200169Ia 4500
005 - DATE AND TIME OF LATEST TRANSACTION
control field 20260429112101.0
008 - FIXED-LENGTH DATA ELEMENTS--GENERAL INFORMATION
fixed length control field 260429s9999||||xx |||||||||||||| ||und||
020 ## - INTERNATIONAL STANDARD BOOK NUMBER
International Standard Book Number 9788126911325
041 ## - LANGUAGE CODE
Language Hindi
082 ## - DEWEY DECIMAL CLASSIFICATION NUMBER
Classification number 302.23
Item number SAC
100 ## - MAIN ENTRY--PERSONAL NAME
Personal name सचदेवा, श्रीचना
245 #0 - TITLE STATEMENT
Title संचार मध्यम :
Remainder of title तब और अब /
Statement of responsibility, etc श्रीचना सचदेवा
260 ## - PUBLICATION, DISTRIBUTION, ETC. (IMPRINT)
Place of publication, distribution, etc नई दिल्ली :
Name of publisher, distributor, etc अटलांटिक,
Date of publication, distribution, etc 2025.
300 ## - PHYSICAL DESCRIPTION
Extent xvi, 252 p.; Hb
650 ## - SUBJECT ADDED ENTRY--TOPICAL TERM
Topical term or geographic name as entry element Media Studies
942 ## - ADDED ENTRY ELEMENTS (KOHA)
Koha item type Text Books
Holdings
Withdrawn status Lost status Damaged status Not for loan Collection code Home library Location Shelving location Date of Cataloging Source of acquisition Total Checkouts Full call number Barcode Date last seen Price effective from Koha item type
        Non-fiction CUTN Central Library CUTN Central Library Social Sciences 29/04/2026 Atlantic Publishers and Distributors, Chennai - Invoice No. 3013318 on 17-02-2026   302.23 SAC 57339 29/04/2026 29/04/2026 Text Books